Clubs of LaLiga 24/25 season - Statistics

General Stats
  • This quiz has been taken 103 times
  • The average score is 14 of 20
Answer Stats
Standing Club Name % Correct
3 Barcelona
98%
1 Real Madrid
98%
2 Atletico Madrid
97%
4 Athletic Club Bilbao
88%
14 Sevilla
81%
9 Real Betis
79%
19 Valencia
78%
5 Villareal
72%
7 Real Sociedad
71%
8 Girona
67%
6 Mallorca
60%
17 Getafe
59%
12 Rayo Vallecano
59%
20 Real Valladolid
59%
15 Leganes
57%
10 Osasuna
57%
18 Espanyol
55%
16 Deportivo Alaves
53%
13 Las Palmas
53%
11 Celta Vigo
52%
No matching quizzes found
Score Distribution
Percent of People with Each Score
Percentile by Number Answered
Your Score History
You have not taken this quiz